000 01259nam2a22002651 4500
001 v19\rc\1541967
005 20250618181718.0
035 _a(NLR Aleph) 004659581
090 _a3532079
_c3532079
100 _a20060620d1897 |||y0rusy50 ca
101 0 _arus
102 _aRU
105 _aa z |||||
200 0 _aза 1893-1896 годы
210 _d1897
_aБ. м.
215 _a60 с., 1 табл.
461 0 _1001v19\rc\1541957
_12001#$aОтчет о деятельности Киевского округа Императорского Российского общества спасания на водах ...$vза 1893-1896 годы
_93531953
_aРоссийское общество спасания на водах. Киевское окружное правление
_cКиев
_d1875-1916
_tОтчет о деятельности Киевского округа Императорского Российского общества спасания на водах ...
_vза 1893-1896 годы
801 0 _aRU
_bNLR
_gpsbo
801 0 _aRU
_bRuMoRGB
_2psbo
801 1 _aRU
_bProSoft-M
_2rusmarc
852 _aNLR
_j18.161.3.386
899 _aRuMoRGB (1879-1915*)
_jT 32/1294
899 _aRuMoRGB (1879-1915*)
_jF 69/173
942 _cBOOK
980 _aNB